| 000 | 00738nam a2200217 i 4500 | ||
|---|---|---|---|
| 001 | 38676 | ||
| 003 | ES-MaACL | ||
| 005 | 20230906155811.0 | ||
| 007 | t| | ||
| 008 | 030226s1986 sp ||||1| spa d | ||
| 100 | 1 |
_aBuscarons, Francisco. _932804 |
|
| 245 | 1 | 0 |
_aAnálisis inorgánico cualitativo sistemático / _cFrancisco Buscarons. |
| 250 | _a7ª ed. act. y amp. / por Fermín Capitán García y Luis-Fermín Capitán Vallvey. | ||
| 260 |
_aBarcelona, etc. : _bReverté, _c[1986] |
||
| 300 |
_a383 p. : _bil. ; _c22 cm. |
||
| 500 | _aIndice. | ||
| 504 | _aBibliografía: p. 365-366. | ||
| 700 | 1 |
_aCapitán García, Fermín. _934851 |
|
| 700 | 1 |
_aCapitán Vallvey, Luis-Fermín. _934852 |
|
| 852 |
_aES-MaACL _jL-11033 _bR.112774 |
||
| 999 |
_c38676 _d38676 |
||